Кн. 1 : Постановка учета в организации. Сложные вопросы. Практические примеры. Оформление документов; Большая Российская энциклопедия бухгалтера

Detalles Bibliográficos
Parent link:Большая Российская энциклопедия бухгалтера: Издание 2001 года/ Под ред. Г. Ю. Касьяновой. Кн. 1 : Постановка учета в организации. Сложные вопросы. Практические примеры. Оформление документов.— , 2001
Lenguaje:ruso
Publicado: 2001
Materias:
Formato: Libro
KOHA link:https://koha.lib.tpu.ru/cgi-bin/koha/opac-detail.pl?biblionumber=26782

MARC

LEADER 00000nam0a2200000 4500
001 26782
005 20231030201804.0
010 |a 5901525019 
035 |a (RuTPU)RU\TPU\book\27026 
035 |a BOOK00027101 
090 |a 26782 
100 |a 20011209d2001 m a0rusy50 ca 
101 0 |a rus 
102 |a RU 
105 |a y fl 000zy 
200 0 |a Кн. 1 : Постановка учета в организации. Сложные вопросы. Практические примеры. Оформление документов 
210 |d 2001 
215 |a 496 с. 
461 |t Большая Российская энциклопедия бухгалтера  |o Издание 2001 года  |v Кн. 1 : Постановка учета в организации. Сложные вопросы. Практические примеры. Оформление документов  |f Под ред. Г. Ю. Касьяновой  |d 2001  |s Практические рекомендации для бухгалтера и руководителя под общей редакцией Г. Ю. Касьяновой 
610 1 |a экономика 
610 1 |a финансы 
610 1 |a учет 
610 1 |a бухгалтерский учет 
610 1 |a счета 
610 1 |a учетная политика 
610 1 |a налогообложение 
610 1 |a энциклопедии 
675 |a 657.22(03)  |v 3 
801 0 |a RU  |b 63413507  |c 20011209  |g PSBO 
801 2 |a RU  |b 63413507  |c 20180531  |g PSBO 
942 |c BK